| 000 | 00676nam a22002057a 4500 | ||
|---|---|---|---|
| 999 |
_c16943 _d16943 |
||
| 003 | AR-CdUCM | ||
| 008 | 190506b ||||| |||| 00| 0 spa d | ||
| 040 |
_aMUNICIPALIDAD PROVINCIAL DEL CUSCO _cBIBLIOTECA MUNICIPAL DEL CUSCO |
||
| 082 |
_a370.82 / _bL15 / 1947 |
||
| 100 |
_aLaforma, Gonzalo R. _936703 |
||
| 245 | _aLa educación sexual y la coeducación de los sexos / | ||
| 260 |
_aBuenos Aires : _bLosada, _c1947. |
||
| 300 |
_a197 páginas ; _c19 cm. |
||
| 505 | _aContenido : La educación sexual -- La coeducación ... | ||
| 650 |
_aSociales _928612 |
||
| 650 |
_aEducación _9460 |
||
| 650 |
_aSexual _925782 |
||
| 942 |
_2ddc _cLIBROS |
||
| 945 |
_arah _d06/05/2019 |
||